1524 1073 1889 1908 1329 1064 1134 1130 1765 1147 1847 1067 1852 1227 1463 1693 1854 1482 1732 1130 1139 1570 1802 1973 1660 1624 1558 1738 1277 1304 1495 1728 1762 1091 1598 1556 1416 1010 1825 1786 1102 1991 1099 1069 1693 1118 1369 1537 1055 1626 1850 1391 1306 1485 1385 1615 1679 1147 1334 1156 1590 1214 1120 1091 1378 1830 1899 1495 1623 1336 1249 1495 1558 1707 1859 1919 1137 1409 1883 1434 1217 1490 1484 1321 1965 1115 1610 1142 1252 1058 1713 1560 1109 1108 1469 1252 1806 1804 1727 BCNSPRNW ULIB Ver.6.0+V

เปลี่ยนเป็นภาษาไทย

Change to English
 แสดงรายละเอียดบรรณานุกรม
  กลับหน้าหลัก

Brief Record : Get Marc (ISO 2709) : E-mail record : QR code < ปิดหน้าต่าง
LEADER : 00000nam 2200000uu 4500
001    13399110090
003     ULIB
008    110421s2551||||th 000 0 tha d
020    9786165511131
060 04 WI250^bพ426ร 2551
100 0  พริมรตา เดชอุดม
245 00 Bye Bye gerd โรคกรดไหลย้อน /^c"จ๊ะจ๋า"พริมรตา เดชอุดม
250    พิมพ์ครั้งที่ 1
260    กรุงเทพฯ :^bอมรินทร์ บุ๊ค,^c2551
300    80 หน้า :^bภาพประกอบ
650  7 โรคกรดไหลย้อน
945    ^p140^l0^i025010
945    ^p140^l0^i024999
945    ^p140^l0^i024998
995    ทศพร
999 ^a ใช้งานได้ทุกระบบ
รายการนี้ยังไม่มีแท็ก
คุณยังไม่ได้ล็อกอิน คุณสามารถมีกิจกรรมร่วมกับเว็บไซต์ได้ แต่ต้องล็อกอินก่อน ::
  ล็อกอิน

รายการสื่อสารสนเทศ

ลำดับที่ ประเภท เลขเรียก/บาร์โค้ด สถานที่ สถานะ
- ไม่พบข้อมูล -

รายการใกล้เคียง
    ผู้แต่ง [พริมรตา เดชอุดม]

    หัวเรื่อง [โรคกรดไหลย้อน]

BibComment


ยังไม่เคยถูกคอมเมนท์

คอมเมนท์ทรัพยากรรายการนี้
  คอมเมนท์: Bye Bye gerd โรคก..


 Copyright 2026. Bcnsprnw @Library